| 000 | 00561nam a2200217Ia 4500 | ||
|---|---|---|---|
| 003 | OSt | ||
| 005 | 20220928141052.0 | ||
| 006 | a|||||r|||| 00| 0 | ||
| 007 | ta | ||
| 008 | 220927b |||||||| |||| 00| 0 eng d | ||
| 024 | _a13437 | ||
| 037 | _cTextual | ||
| 040 |
_aSDCL _cSDCL _beng |
||
| 041 |
_2eng _aeng |
||
| 082 | _aO-,6K67:g(R2), M1 | ||
| 100 |
_aLouis Frances D _9498904 |
||
| 245 | 0 | _aSwift's anatomy of misunderstanding. | |
| 260 | _c1981 | ||
| 942 |
_hO-,6K67:g(R2), M1 _cTEXL _2CC |
||
| 999 |
_c815846 _d815846 |
||